面積が広い市区町村トップ100 - Statistics

General Stats
  • This quiz has been taken 16 times
  • The average score is 50 of 100
Answer Stats
面積(km2) 市区町村 % Correct
2177.61 高山市
100%
1363.26 釧路市
92%
1558.11 浜松市
85%
1411.93 静岡市
85%
1311.51 鶴岡市
85%
1241.70 富山市
85%
1121.26 札幌市
85%
1023.18 山口市
85%
978.47 松本市
85%
726.01 新潟市
85%
1427.41 北見市
77%
1232.51 いわき市
77%
1174.17 村上市
77%
906.69 広島市
77%
906.07 秋田市
77%
834.81 長野市
77%
792.53 飛騨市
77%
789.95 岡山市
77%
786.35 仙台市
77%
973.89 上越市
69%
918.32 豊田市
69%
891.13 長岡市
69%
886.47 盛岡市
69%
778.18 三次市
69%
761.42 稚内市
69%
757.20 郡山市
69%
716.28 下関市
69%
1449.83 日光市
62%
1256.42 一関市
62%
1209.59 由利本荘市
62%
1152.76 北秋田市
62%
1093.56 仙北市
62%
1026.89 田辺市
62%
824.61 青森市
62%
767.72 福島市
62%
747.66 旭川市
62%
722.33 石狩市
62%
1332.45 遠軽町
54%
1317.17 別海町
54%
1246.49 庄原市
54%
1119.22 士別市
54%
1030.75 郡上市
54%
873.67 岩国市
54%
868.02 延岡市
54%
855.68 佐渡市
54%
827.83 京都市
54%
765.31 鳥取市
54%
721.42 三好市
54%
1259.18 宮古市
46%
993.30 奥州市
46%
913.22 大館市
46%
872.43 大野市
46%
865.04 芦別市
46%
864.20 むつ市
46%
851.21 下呂市
46%
711.18 津市
46%
707.52 鹿角市
46%
866.79 大仙市
46%
1408.04 足寄町
38%
1099.37 標茶町
38%
1049.47 上川町
38%
992.07 日高町
38%
956.08 八雲町
38%
952.89 阿賀町
38%
946.76 魚沼市
38%
908.39 花巻市
38%
903.14 佐伯市
38%
828.53 真庭市
38%
803.44 揖斐川町
38%
774.33 弟子屈町
38%
754.92 白山市
38%
746.41 糸魚川市
38%
1147.55 新ひだか町
31%
1115.62 枝幸町
31%
992.36 岩泉町
31%
805.00 栗原市
31%
796.81 大崎市
31%
793.29 新見市
31%
790.91 湯沢市
31%
781.08 みなかみ町
31%
747.56 只見町
31%
737.13 斜里町
31%
733.19 益田市
31%
725.65 十和田市
31%
1063.83 新得町
23%
886.47 南会津町
23%
862.30 八幡平市
23%
830.67 紋別市
23%
825.97 遠野市
23%
773.13 白糠町
23%
767.04 幌加内町
23%
766.89 滝上町
23%
763.07 夕張市
23%
737.56 小国町
23%
815.67 大樹町
15%
743.09 平取町
15%
739.12 厚岸町
15%
729.85 浦幌町
15%
711.36 むかわ町
15%
716.80 津幡町
0%
No matching quizzes found
Score Distribution
Percent of People with Each Score
Percentile by Number Answered
Your Score History
You have not taken this quiz